Adivina la pelicula de terror por imágenes - Estadísticas

Estadísticas generales
  • Esta prueba ha sido intentada 161 veces
  • La puntuación promedio es 11 de 36
Estadísticas de respuestas
Imagen Respuesta % Correcto
Tiburón
91%
Scream
90%
El Resplandor
82%
Psicosis
75%
Halloween
71%
El exorcista
69%
Nosferatu
58%
Frankenstein
50%
La bruja
48%
La niebla
44%
Pesadilla en la calle Elm
33%
Huye
32%
La Profecía
32%
El Babadook
30%
La Masacre de Texas
29%
La cosa
26%
La mosca
26%
Alien, el octavo pasajero
25%
Pearl
24%
La noche de los muertos vivientes
21%
Rec
21%
El bebé de Rosemary
20%
El legado del diablo
19%
Suspiria
13%
Silent Hill
12%
Dejame entrar
7%
El gabinete del Doctor Caligari
7%
El despertar del Diablo
6%
El proyecto Blair Witch
6%
Las Diabólicas
3%
Onibaba
3%
Al final de la escalera
2%
El vampiro negro
1%
Los ojos sin cara
1%
El fotógrafo del miedo
0%
Posesión satánica
0%
No se encontraron pruebas coincidentes
Distribución de puntuación
Porcentaje de gente con cada puntuación
Porcentaje por número respondido
Historial de tus puntuaciones
No has intentado esta prueba.